000 00567nam a2200169Ia 4500
008 260520s2022 xx 000 0 und d
020 _a978-93-91948-29-0
041 _amar
082 _a305.5122/OMV/KAM
100 _aकांबळे, संजयकुमार
245 _aडॉ. गेल ऑम्व्हेट : समाजशास्त्रीय आकलन
250 _a1st ed
260 _aपुणे
_bडायमंड पब्लिकेशन्स
_c2022
300 _a324p.
500 _aCat No: 15005
650 _aSOCIOLOGY
999 _c1221811
_d1221811